Central Library OPAC University of Rajshahi

The key to civil practice, being a summary of the Code of civil procedure / (Record no. 49955)

MARC details
000 -LEADER
fixed length control field 00643nam a2200217 a 4500
001 - CONTROL NUMBER
control field 49955
003 - CONTROL NUMBER IDENTIFIER
rucl marc code BD-RjUL
005 - DATE AND TIME OF LATEST TRANSACTION
control field 20211209075433.0
008 - FIXED-LENGTH DATA ELEMENTS--GENERAL INFORMATION
fixed length control field 160828s1968 ii 000 0 eng
035 ## - SYSTEM CONTROL NUMBER
System control number (BD-RjUL)50075
040 ## - CATALOGING SOURCE
Original cataloging agency DLC
Transcribing agency DLC
Modifying agency BD-RjUL
Language of cataloging eng
041 ## - LANGUAGE CODE
Language code of text/sound track or separate title eng
082 00 - DEWEY DECIMAL CLASSIFICATION NUMBER
Classification number 347.50954
Edition number 23
Author mark and year MUK 1968
100 1# - MAIN ENTRY--PERSONAL NAME
Personal name Mulla, Dinshah Fardunji
Dates associated with a name 1868-1934.
9 (RLIN) 149711
245 14 - TITLE STATEMENT
Title The key to civil practice, being a summary of the Code of civil procedure /
Statement of responsibility, etc. Mulla
250 ## - EDITION STATEMENT
Edition statement 5th ed.
260 ## - PUBLICATION, DISTRIBUTION, ETC. (IMPRINT)
Place of publication, distribution, etc. Karachi :
Name of publisher, distributor, etc. Union book stall,
Date of publication, distribution, etc. 1968
300 ## - PHYSICAL DESCRIPTION
Pagination 90 p. ;
Size 24 cm.
650 #0 - SUBJECT ADDED ENTRY--TOPICAL TERM
Topical term or geographic name as entry element Civil procedure
Geographic subdivision India.
9 (RLIN) 142899
942 ## - ADDED ENTRY ELEMENTS (KOHA)
Source of classification or shelving scheme Dewey Decimal Classification
Koha item type Books
Holdings
Lost status Source of classification or shelving scheme Damaged status Not for loan Collection code Permanent Location Current Location Shelving location Date acquired Source of acquisition Cost, normal purchase price Total Checkouts Full call number Date last seen Date checked out Copy number Koha item type
  Dewey Decimal Classification     Non-fiction Central Library, University of Rajshahi Central Library, University of Rajshahi   23/08/1972 Warsi Book Corporatin 10.00 1 347.50954 MUK 1968 23/10/2025 19/10/2025 C-2 Books